Loading...
| Fine Arts - Classical Music | 0 | 7 | 0 | 1 | 70 | 78 | 95.00 | 6 | 7 | 0.00 | 0.00 |
| Science - Other | 0 | 5 | 0 | 1 | 50 | 81 | 107.60 | 1 | 4 | 0.00 | 0.00 |
| Science - Chemistry | 0 | 5 | 2 | 1 | 40 | 77 | 106.60 | 0 | 5 | 0.00 | 0.00 |
| History - Other | 0 | 3 | 0 | 1 | 30 | 87 | 96.67 | 2 | 3 | 0.00 | 0.00 |
| Fine Arts - Painting and Sculpture | 0 | 3 | 0 | 0 | 30 | 64 | 71.67 | 2 | 3 | 0.00 | 0.00 |
| History - World | 0 | 3 | 1 | 0 | 25 | 95 | 116.67 | 1 | 3 | 0.00 | 0.00 |
| Social Science | 0 | 2 | 0 | 1 | 20 | 70 | 100.50 | 1 | 2 | 0.00 | 0.00 |
| History - American | 0 | 2 | 0 | 0 | 20 | 75 | 88.00 | 0 | 2 | 0.00 | 0.00 |
| History - European | 0 | 2 | 0 | 1 | 20 | 85 | 108.00 | 1 | 2 | 0.00 | 0.00 |
| Science - Biology | 0 | 3 | 2 | 0 | 20 | 85 | 89.00 | 1 | 3 | 0.00 | 0.00 |
| Mythology | 0 | 2 | 1 | 0 | 15 | 75 | 83.00 | 1 | 2 | 0.00 | 0.00 |
| Fine Arts - Other | 0 | 2 | 1 | 0 | 15 | 46 | 76.00 | 1 | 2 | 0.00 | 0.00 |
| Science - Physics | 0 | 1 | 0 | 0 | 10 | 101 | 101.00 | 1 | 1 | 0.00 | 0.00 |
| Current Events | 0 | 1 | 0 | 0 | 10 | 67 | 67.00 | 0 | 1 | 0.00 | 0.00 |
| Religion | 0 | 1 | 1 | 1 | 5 | 130 | 130.00 | 0 | 1 | 0.00 | 0.00 |
| Geography | 0 | 0 | 1 | 0 | -5 | 0.00 | 0 | 0 | 0.00 | 0.00 | |
| Literature - American | 0 | 0 | 1 | 0 | -5 | 0.00 | 0 | 0 | 0.00 | 0.00 |